000 00193nam a2200073Ia 4500
008 170817s9999 xx 000 0 und d
100 _aVERGHSE B.V.
245 0 _aRECRUITMENT & TRAINING OF PRIMARY TEACHER
260 _bANMOL PUB.
999 _c37976
_d37976